00681nam a2200205 a 450000100100000000500170001000800410002702000150006804000250008304100130010808200160012110000300013724000410016724500800020826000370028830000210032553400480034665000570039470000240045100000255420200929150219.0800610s1986 ag b 001 0 spa  a9509097624 aDO-SdBNPbspacBNPHU17aenghspa aA860bL665m1 aLevin, Harry,d1912-1994.10aMemories of the moderns.lEspañol.10aEstudios sobre los modernistas /cHarry Levin; traducción de Anibal Leal. aBuenos Aires :bFraterna,c1986. a352 p. ;c20 cm. aTítulo original:tMemories of the moderns 4aLiteratura argentinaySIGLO XXxHistoria y crítica1 aLeal, Aníbaletr.